Modern science and modern man / (Record no. 552621)

000 -LEADER
fixed length control field 00605cam a2200169 a 4500
020 ## - INTERNATIONAL STANDARD BOOK NUMBER
International Standard Book Number 0313241198 (lib. bdg.)
082 00 - DEWEY DECIMAL CLASSIFICATION NUMBER
Classification number 502
Author Mark CON
100 1# - MAIN ENTRY--PERSONAL NAME
Personal name Conant, James Bryant,
9 (RLIN) 49747
245 10 - TITLE STATEMENT
Title Modern science and modern man /
Statement of responsibility, etc. by James B. Conant.
260 ## - PUBLICATION, DISTRIBUTION, ETC.
Place of publication, distribution, etc. Westport, Conn. :
Name of publisher, distributor, etc. Greenwood Press,
Date of publication, distribution, etc. 1983, c1952.
300 ## - PHYSICAL DESCRIPTION
Extent 111 p. ;
Dimensions 23 cm.
500 ## - GENERAL NOTE
General note Reprint. Originally published: New York : Columbia University Press, 1952. (Bampton lectures in America ; no. 5)
526 ## - STUDY PROGRAM INFORMATION NOTE
Program name 0
Interest level 0
Reading level 0
Title point value 502_000000000000000_CON
650 #0 - SUBJECT ADDED ENTRY--TOPICAL TERM
Topical term or geographic name entry element MCE
9 (RLIN) 379
650 #0 - SUBJECT ADDED ENTRY--TOPICAL TERM
Topical term or geographic name entry element Science
General subdivision Philosophy.
9 (RLIN) 40345
942 ## - ADDED ENTRY ELEMENTS (KOHA)
Source of classification or shelving scheme
Koha item type Book
Holdings
Withdrawn status Lost status Source of classification or shelving scheme Damaged status Not for loan Permanent Location Current Location Shelving location Date acquired Total Checkouts Full call number Barcode Date last seen Price effective from Koha item type
          Military College of Engineering (MCE) Military College of Engineering (MCE)   01/20/2015   502 CON MCE-MCM/2.2 01/20/2015 01/20/2015 Book
© 2023 Central Library, National University of Sciences and Technology. All Rights Reserved.